[Event "EU Union-ch U12"]
[Site "Kouty nad Desnou"]
[Date "2023.08.18"]
[Round "3"]
[White "Peglau, Lorena"]
[Black "Levchenko, Alisa"]
[Result "1/2-1/2"]
[WhiteElo "1178"]
[BlackElo "1151"]
[PlyCount "142"]
[EventDate "2023.08.16"]
[EventType "swiss"]
[EventRounds "9"]
[EventCountry "CZE"]
[SourceTitle "EXT 2024"]
[Source "ChessBase"]
[SourceDate "2023.10.10"]
[SourceVersion "1"]
[SourceVersionDate "2023.10.10"]
[SourceQuality "1"]

1. d4 e6 2. e4 d5 3. e5 c5 4. c3 Nc6 5. Nf3 Qb6 6. Nbd2 Bd7 7. Nb3 cxd4 8. cxd4 Bb4+ 9. Bd2 Bxd2+ 10. Qxd2 Qb4 11. Be2 Nge7 12. Qxb4 Nxb4 13. 0-0 0-0 14. a3 Nbc6 15. Nc5 Bc8 16. b4 Nf5 17. Nb3 Bd7 18. Rfc1 Rfc8 19. Ra2 Ncxd4 20. Rxc8+ Rxc8 21. Nbxd4 Rc1+ 22. Bf1 Nxd4 23. Nxd4 Rd1 24. Ne2 Bb5 25. Rc2 h6 26. g3 d4 27. Rc1 Bxe2 28. Rxd1 Bxd1 29. Bd3 f6 30. f4 Kf7 31. Kf1 Ke7 32. Ke1 Bg4 33. Kd2 Kd7 34. Be4 f5 35. Bxb7 Kc7 36. Bg2 Kb6 37. a4 a5 38. b5 Kc5 39. Kd3 Bd1 40. b6 Kxb6 41. Kxd4 Bxa4 42. Kc4 Bd7 43. Kb3 Kc5 44. Bf3 Kd4 45. Bd1 a4+ 46. Ka3 Ke3 47. Bxa4 Bxa4 48. Kxa4 Kf2 49. Kb5 g5 50. Kc5 Ke3 51. Kd6 gxf4 52. gxf4 Kxf4 53. Kxe6 Kg4 54. Kd6 f4 55. e6 f3 56. e7 f2 57. e8Q f1Q 58. Qg6+ Kh3 59. Qxh6+ Kg2 60. Qd2+ Kh3 61. Qh6+ Kg2 62. Qd2+ Kh1 63. Qd5+ Kxh2 64. Qh5+ Kg1 65. Qg4+ Kh1 66. Qe4+ Kh2 67. Qc2+ Kg3 68. Qg6+ Kf2 69. Qf5+ Ke1 70. Qe4+ Qe2 71. Qh1+ Qf1 1/2-1/2

[Event "EU Union-ch U12"]
[Site "Kouty nad Desnou"]
[Date "2023.08.17"]
[Round "2"]
[White "Barteckova, Nikol"]
[Black "Peglau, Lorena"]
[Result "1/2-1/2"]
[WhiteElo "1268"]
[BlackElo "1178"]
[PlyCount "85"]
[EventDate "2023.08.16"]
[EventType "swiss"]
[EventRounds "9"]
[EventCountry "CZE"]
[SourceTitle "EXT 2024"]
[Source "ChessBase"]
[SourceDate "2023.10.10"]
[SourceVersion "1"]
[SourceVersionDate "2023.10.10"]
[SourceQuality "1"]

1. e4 e6 2. d4 d5 3. exd5 exd5 4. Nf3 Nf6 5. Bd3 Bd6 6. h3 Nbd7 7. 0-0 0-0 8. Re1 Nb6 9. c3 Bd7 10. Bg5 h6 11. Bh4 Be7 12. Nbd2 Re8 13. Qc2 c6 14. Ne5 Rc8 15. b4 a6 16. Ndf3 Be6 17. a4 Nbd7 18. Rab1 Nxe5 19. Nxe5 Nd7 20. Bg3 Nxe5 21. Bxe5 Bf6 22. Bh2 Bd7 23. Qb3 Qb6 24. Bd6 Rxe1+ 25. Rxe1 Re8 26. Rxe8+ Bxe8 27. Bf5 Qd8 28. Bg3 Bd7 29. Bd3 Qc8 30. Qc2 Be6 31. Bf1 Bf5 32. Qe2 Qe6 33. Qxe6 Bxe6 34. Bd3 Bg5 35. f4 Bf6 36. Kf2 g6 37. Kf3 Kg7 38. Bh2 h5 39. g4 hxg4+ 40. hxg4 Bh4 41. Bg3 Bxg3 42. Kxg3 f5 43. g5 1/2-1/2

[Event "GER-ch U25-C"]
[Site "Willingen"]
[Date "2023.06.02"]
[Round "8"]
[White "Betz, Niclas"]
[Black "Peglau, Lorena"]
[Result "1-0"]
[WhiteElo "1043"]
[BlackElo "1235"]
[PlyCount "75"]
[EventDate "2023.05.27"]
[EventType "swiss"]
[EventRounds "9"]
[EventCountry "GER"]
[SourceTitle "CBM 214 Extra"]
[Source "ChessBase"]
[SourceDate "2023.07.31"]
[SourceVersion "1"]
[SourceVersionDate "2023.07.31"]
[SourceQuality "1"]

1. e4 c6 2. d4 d5 3. Nc3 dxe4 4. Nxe4 Bf5 5. Ng3 Bg6 6. h4 h6 7. Nf3 Nf6 8. Ne5 Bh7 9. Bd3 Bxd3 10. Qxd3 Nbd7 11. Nf3 e6 12. Bd2 Bd6 13. 0-0-0 a5 14. Kb1 Qb6 15. c4 Ba3 16. Qxa3 Ne4 17. Nxe4 Qc7 18. Nd6+ Kd8 19. Nxf7+ Kc8 20. Nxh8 Kb8 21. Rhe1 Qd8 22. Qd6+ Ka7 23. Nf7 Qc8 24. Bxa5 Ka6 25. Qc7 Qxc7 26. Bxc7 Rc8 27. Bd6 Ka7 28. Rd3 b6 29. Bg3 Kb7 30. Nd6+ Kb8 31. Nxc8+ Kxc8 32. Rxe6 c5 33. dxc5 bxc5 34. Re8+ Kb7 35. Rxd7+ Kb6 36. Re6+ Ka5 37. a3 h5 38. Ra7# 1-0

[Event "GER-ch U25-C"]
[Site "Willingen"]
[Date "2023.05.30"]
[Round "4"]
[White "Grunert, Greta"]
[Black "Peglau, Lorena"]
[Result "1-0"]
[WhiteElo "1100"]
[BlackElo "1235"]
[PlyCount "135"]
[EventDate "2023.05.27"]
[EventType "swiss"]
[EventRounds "9"]
[EventCountry "GER"]
[SourceTitle "CBM 214 Extra"]
[Source "ChessBase"]
[SourceDate "2023.07.31"]
[SourceVersion "1"]
[SourceVersionDate "2023.07.31"]
[SourceQuality "1"]

1. e4 e6 2. d4 d5 3. Nd2 dxe4 4. Nxe4 Bd7 5. Nf3 Bc6 6. Ng3 Nd7 7. Bc4 Ngf6 8. 0-0 Be7 9. Bf4 Nb6 10. Bb3 0-0 11. Ne5 Bd5 12. c4 Be4 13. Re1 Bg6 14. Nxg6 hxg6 15. Rc1 c6 16. Bg5 Qc7 17. Qd3 Rfd8 18. Rcd1 Rac8 19. Qe3 Kf8 20. Qf4 Qxf4 21. Bxf4 a5 22. a4 Rd7 23. Be3 Rcd8 24. d5 Nc8 25. dxe6 Rxd1 26. Rxd1 Rxd1+ 27. Bxd1 fxe6 28. Bc2 Nd6 29. b3 Kf7 30. Bb6 e5 31. Bxa5 e4 32. Bc3 e3 33. fxe3 Ng4 34. e4 g5 35. Bd1 Ne3 36. Be2 Bf6 37. e5 Ndf5 38. Nxf5 Nxf5 39. exf6 gxf6 40. Bh5+ Ke7 41. Bg6 Ke6 42. Bxf5+ Kxf5 43. g4+ Ke6 44. b4 f5 45. gxf5+ Kxf5 46. b5 Ke6 47. bxc6 bxc6 48. a5 Kd7 49. Bf6 g4 50. Kg2 Kc7 51. Kg3 Kb7 52. Kxg4 Ka6 53. h4 Kxa5 54. h5 Kb4 55. h6 Kxc4 56. h7 c5 57. h8Q Kb3 58. Kf3 c4 59. Ke3 Kc2 60. Qc8 Kb3 61. Kd4 Kb2 62. Kxc4+ Kc2 63. Qh3 Kd2 64. Bc3+ Ke2 65. Kd4 Kf2 66. Ke4 Ke2 67. Qg2+ Kd1 68. Qd2# 1-0

[Event "GER-chT U12 Girls"]
[Site "Berlin"]
[Date "2022.12.27"]
[Round "1"]
[White "Mandzuk, Varvara"]
[Black "Peglau, Lorena"]
[Result "1-0"]
[WhiteElo "1075"]
[BlackElo "1233"]
[PlyCount "61"]
[EventDate "2022.12.26"]
[EventType "team-swiss"]
[EventRounds "7"]
[EventCountry "GER"]
[SourceTitle "CBM 212 Extra"]
[Source "ChessBase"]
[SourceDate "2023.03.31"]
[SourceVersion "1"]
[SourceVersionDate "2023.03.31"]
[SourceQuality "1"]
[WhiteTeam "Muenchen SF"]
[BlackTeam "Leipzig SG"]
[WhiteTeamCountry "GER"]
[BlackTeamCountry "GER"]

1. e4 c6 2. d4 d5 3. Nc3 dxe4 4. Nxe4 Bf5 5. f3 Nd7 6. g4 Bg6 7. Bd3 Qb6 8. c3 e6 9. Ne2 Ngf6 10. Nxf6+ Nxf6 11. h4 c5 12. Qa4+ Kd8 13. Bxg6 hxg6 14. Rb1 Bd6 15. Be3 Rc8 16. b4 cxb4 17. cxb4 a6 18. b5 a5 19. Bd2 Bc7 20. Kf2 Qa7 21. b6 Bxb6 22. Rxb6 Qxb6 23. Bxa5 Qxa5 24. Qxa5+ Ke7 25. Qb4+ Kd7 26. Qxb7+ Kd8 27. Qxf7 Rc2 28. Rb1 Rc8 29. Rb7 Re8 30. Qxg7 Nd5 31. Qd7# 1-0

[Event "GER-chT U12 Girls"]
[Site "Berlin"]
[Date "2022.12.27"]
[Round "2"]
[White "Peglau, Lorena"]
[Black "Ploss, Aliya"]
[Result "1/2-1/2"]
[WhiteElo "1233"]
[BlackElo "950"]
[PlyCount "46"]
[EventDate "2022.12.26"]
[EventType "team-swiss"]
[EventRounds "7"]
[EventCountry "GER"]
[SourceTitle "CBM 212 Extra"]
[Source "ChessBase"]
[SourceDate "2023.03.31"]
[SourceVersion "1"]
[SourceVersionDate "2023.03.31"]
[SourceQuality "1"]
[WhiteTeam "Leipzig SG"]
[BlackTeam "Plauen Koenig"]
[WhiteTeamCountry "GER"]
[BlackTeamCountry "GER"]

1. d4 f5 2. c4 Nf6 3. Nc3 e6 4. Nf3 Be7 5. Bf4 c6 6. e3 d6 7. Bd3 Nbd7 8. 0-0 0-0 9. Rc1 b6 10. Qb3 Bb7 11. Rfe1 c5 12. dxc5 dxc5 13. Be2 Ne4 14. Red1 Nxc3 15. Qxc3 Qe8 16. Rd2 Nf6 17. Be5 Ne4 18. Qc2 Nxd2 19. Qxd2 Bf6 20. Bxf6 Rxf6 21. Qd1 Qg6 22. Qd7 Bxf3 23. Bxf3 Re8 1/2-1/2

[Event "Bayern Jubilar U12"]
[Site "Bayreuth"]
[Date "2022.08.31"]
[Round "7"]
[White "Peglau, Lorena"]
[Black "Rau, Eduard"]
[Result "0-1"]
[WhiteElo "1207"]
[BlackElo "1347"]
[PlyCount "52"]
[EventDate "2022.08.27"]
[EventType "swiss"]
[EventRounds "7"]
[EventCountry "GER"]
[SourceTitle "EXT 2023"]
[Source "ChessBase"]
[SourceDate "2022.10.05"]
[SourceVersion "1"]
[SourceVersionDate "2022.10.05"]
[SourceQuality "1"]

1. d4 Nf6 2. c4 e6 3. Nc3 Bb4 4. Bd2 c5 5. Nf3 cxd4 6. Nxd4 Nc6 7. Nxc6 bxc6 8. g3 0-0 9. Bg2 d5 10. cxd5 exd5 11. Rc1 Ba6 12. 0-0 Re8 13. Re1 Rc8 14. a3 Bc5 15. b4 Bb6 16. Bg5 Bxf2+ 17. Kxf2 Ng4+ 18. Kg1 Qxg5 19. Bh3 Qe3+ 20. Kh1 Nf2+ 21. Kg2 Nxd1 22. Rexd1 Bxe2 23. Nxe2 Qxe2+ 24. Kh1 Qf3+ 25. Bg2 Qxa3 26. Rb1 Re2 0-1

[Event "Bayern Jubilar U12"]
[Site "Bayreuth"]
[Date "2022.08.30"]
[Round "6"]
[White "Kamleiter, Noah"]
[Black "Peglau, Lorena"]
[Result "1-0"]
[WhiteElo "1538"]
[BlackElo "1207"]
[PlyCount "107"]
[EventDate "2022.08.27"]
[EventType "swiss"]
[EventRounds "7"]
[EventCountry "GER"]
[SourceTitle "EXT 2023"]
[Source "ChessBase"]
[SourceDate "2022.10.05"]
[SourceVersion "1"]
[SourceVersionDate "2022.10.05"]
[SourceQuality "1"]

1. e4 e6 2. d4 d5 3. Nd2 dxe4 4. Nxe4 Bd7 5. Nf3 Bc6 6. Nc3 Nd7 7. Bd3 Ngf6 8. 0-0 Be7 9. Re1 0-0 10. Ne5 Nd5 11. Nxc6 bxc6 12. Ne4 N7f6 13. Nxf6+ Bxf6 14. h3 Nb4 15. c3 Nxd3 16. Qxd3 Qd5 17. Be3 Rab8 18. b3 c5 19. Rad1 cxd4 20. Bxd4 Bxd4 21. Qxd4 Qxd4 22. Rxd4 Rfd8 23. Red1 Rxd4 24. Rxd4 Kf8 25. Kf1 Ke7 26. Ke2 Rd8 27. Ra4 Ra8 28. Ke3 h5 29. Ke4 Kf6 30. Rc4 Rc8 31. h4 g6 32. f4 a6 33. a4 Rb8 34. b4 Rb7 35. a5 Ra7 36. Rc6 Ke7 37. Ke5 Kd7 38. Rc4 Ke7 39. Rd4 Ra8 40. c4 Rb8 41. c5 Rb5 42. g3 Rb7 43. c6 Rb5+ 44. Ke4 Kf6 45. Kd3 Rd5 46. Rxd5 exd5 47. b5 axb5 48. a6 b4 49. a7 b3 50. Kc3 b2 51. Kxb2 d4 52. a8Q d3 53. Kc3 d2 54. Kxd2 1-0

[Event "GER-chT U12 Girls"]
[Site "Willingen"]
[Date "2022.08.13"]
[Round "1.3"]
[White "Greive, Greta"]
[Black "Peglau, Lorena"]
[Result "0-1"]
[WhiteElo "1136"]
[BlackElo "1207"]
[PlyCount "60"]
[EventDate "2022.08.13"]
[EventType "team-swiss"]
[EventRounds "7"]
[EventCountry "GER"]
[SourceTitle "EXT 2023"]
[Source "ChessBase"]
[SourceDate "2022.10.05"]
[SourceVersion "1"]
[SourceVersionDate "2022.10.05"]
[SourceQuality "1"]
[WhiteTeam "Tegernsee"]
[BlackTeam "Weisse Dame"]
[WhiteTeamCountry "GER"]
[BlackTeamCountry "GER"]

1. e4 c6 2. Nc3 d5 3. d4 dxe4 4. Nxe4 Bf5 5. Nc3 e6 6. Nf3 c5 7. Be3 cxd4 8. Nxd4 Bg6 9. Bb5+ Nd7 10. 0-0 Ngf6 11. Qf3 Rb8 12. Rac1 a6 13. Ba4 Be7 14. Bf4 Bh5 15. g4 Bxg4 16. Qg2 Ra8 17. Qxb7 0-0 18. Nc6 Qe8 19. Ne5 Nc5 20. Bxe8 Nxb7 21. Bc6 Ra7 22. Be3 Bc5 23. Bf4 Rd8 24. Ba4 Rd4 25. Nc6 Rxf4 26. Nxa7 Bxa7 27. Bc6 Na5 28. Kh1 Nxc6 29. Rfe1 Bxf2 30. Rf1 Bf3# 0-1

[Event "GER-ch Youth-C"]
[Site "Willingen"]
[Date "2022.06.08"]
[Round "6"]
[White "Gauer, Liam"]
[Black "Peglau, Lorena"]
[Result "1/2-1/2"]
[WhiteElo "1028"]
[BlackElo "1224"]
[PlyCount "104"]
[EventDate "2022.06.04"]
[EventType "swiss"]
[EventRounds "9"]
[EventCountry "GER"]
[SourceTitle "CBM 208 Extra"]
[Source "ChessBase"]
[SourceDate "2022.07.31"]
[SourceVersion "1"]
[SourceVersionDate "2022.07.31"]
[SourceQuality "1"]

1. d4 e6 2. Bf4 d5 3. e3 Nf6 4. Nf3 c5 5. dxc5 Bxc5 6. Nc3 Nc6 7. Qd3 Bd7 8. a3 0-0 9. Be2 Rc8 10. 0-0 Re8 11. Ne5 Nxe5 12. Bxe5 a6 13. h3 b5 14. b4 Bb6 15. Rfd1 Rc6 16. a4 Rc4 17. a5 Ba7 18. Rab1 Qe7 19. Na2 Ne4 20. f3 Nf6 21. Qd2 Rc6 22. c3 Rec8 23. Rbc1 Be8 24. Kh1 h6 25. g4 Nd7 26. Bd4 Bb8 27. e4 Qh4 28. Bf1 dxe4 29. fxe4 Nf6 30. Bf2 Bg3 31. Bxg3 Qxg3 32. Qg2 Qxg2+ 33. Bxg2 Rc4 34. Rd4 e5 35. Rxc4 Rxc4 36. Re1 Bd7 37. Kg1 Bc8 38. Kf2 Bb7 39. Ke3 Bxe4 40. Bxe4 Rxe4+ 41. Kd2 Rxe1 42. Kxe1 Kf8 43. Kd2 Ke7 44. Kd3 Kd6 45. c4 bxc4+ 46. Kxc4 Kc6 47. Nc3 g6 48. b5+ axb5+ 49. Nxb5 Kb7 50. Nd6+ Ka6 51. Nxf7 Kxa5 52. Nxe5 g5 1/2-1/2

[Event "GER-ch U10 Girls"]
[Site "Willingen"]
[Date "2020.10.29"]
[Round "4"]
[White "Richter, Johanna"]
[Black "Peglau, Lorena"]
[Result "1-0"]
[WhiteElo "1150"]
[BlackElo "1061"]
[PlyCount "73"]
[EventDate "2020.10.26"]
[EventType "swiss"]
[EventRounds "7"]
[EventCountry "GER"]
[SourceTitle "CBM 199 Extra"]
[Source "ChessBase"]
[SourceDate "2021.01.31"]
[SourceVersion "1"]
[SourceVersionDate "2021.01.31"]
[SourceQuality "1"]

1. d4 d5 2. c4 dxc4 3. e3 b5 4. a4 c6 5. axb5 cxb5 6. b3 cxb3 7. Bxb5+ Bd7 8. Bc4 Nf6 9. Nc3 Qb6 10. Qxb3 Qxb3 11. Bxb3 e6 12. Nf3 Bb4 13. Bb2 Ne4 14. Rc1 0-0 15. 0-0 Nxc3 16. Bxc3 Bxc3 17. Rxc3 Rc8 18. Rxc8+ Bxc8 19. Rc1 Bb7 20. e4 Nc6 21. d5 exd5 22. exd5 Ne7 23. d6 Nc6 24. Bd5 Rb8 25. h3 Nb4 26. Bxb7 Nd3 27. Rc8+ Rxc8 28. Bxc8 a5 29. d7 g6 30. d8Q+ Kg7 31. Qxa5 Nf4 32. Qe5+ Kg8 33. Ng5 Nd3 34. Qe8+ Kg7 35. Qxf7+ Kh6 36. h4 Nxf2 37. Qxh7# 1-0

[Event "GER-ch U10 Girls"]
[Site "Willingen"]
[Date "2020.10.28"]
[Round "3"]
[White "Peglau, Lorena"]
[Black "Tu, Audrey"]
[Result "1-0"]
[WhiteElo "1061"]
[BlackElo "754"]
[PlyCount "63"]
[EventDate "2020.10.26"]
[EventType "swiss"]
[EventRounds "7"]
[EventCountry "GER"]
[SourceTitle "CBM 199 Extra"]
[Source "ChessBase"]
[SourceDate "2021.01.31"]
[SourceVersion "1"]
[SourceVersionDate "2021.01.31"]
[SourceQuality "1"]

1. c4 e5 2. Nc3 Nc6 3. g3 Nf6 4. Bg2 Bc5 5. b3 d6 6. Bb2 Bg4 7. Qc2 Qd7 8. e3 a6 9. Nd5 h6 10. Bc3 Ba7 11. Qb2 0-0-0 12. d4 e4 13. Nxf6 gxf6 14. Bxe4 Rde8 15. Bg2 Rhg8 16. d5 Ne7 17. Bxf6 Qf5 18. Rc1 Rg6 19. Bc3 h5 20. Bb4 c5 21. Ba5 b6 22. Bd2 b5 23. f3 Bxf3 24. Nxf3 bxc4 25. Nh4 Qg5 26. e4 Qf6 27. Bc3 Qg5 28. Nxg6 Qxg6 29. Bh3+ Kb7 30. bxc4+ Kc7 31. Ba5+ Bb6 32. Qxb6# 1-0

[Event "GER-ch op (Women) 20th"]
[Site "Erlangen"]
[Date "2020.10.04"]
[Round "7"]
[White "Peglau, Lorena"]
[Black "Bako, Isabella"]
[Result "0-1"]
[WhiteElo "1061"]
[BlackElo "1153"]
[PlyCount "70"]
[EventDate "2020.10.01"]
[EventType "swiss"]
[EventRounds "7"]
[EventCountry "GER"]
[SourceTitle "EXT 2022"]
[Source "ChessBase"]
[SourceDate "2021.10.06"]
[SourceVersion "1"]
[SourceVersionDate "2021.10.06"]
[SourceQuality "1"]

1. d4 d5 2. Nf3 e6 3. Bf4 Bd6 4. Bg3 Nf6 5. e3 0-0 6. c4 b6 7. Nc3 Bb7 8. Be2 c5 9. 0-0 Nc6 10. b3 Ne7 11. Bxd6 Qxd6 12. Qc2 Nf5 13. Bd3 Qd7 14. Ne5 Qc8 15. cxd5 Nxd5 16. Nxd5 Bxd5 17. e4 Nxd4 18. Qc3 Bb7 19. Bb1 Ne2+ 20. Kh1 Nxc3 21. Rc1 Nxb1 22. Rcxb1 Bxe4 23. Re1 Bb7 24. Rad1 Rd8 25. Rc1 f6 26. Nf3 Bxf3 27. gxf3 e5 28. Rg1 Rd3 29. Rg3 Qc6 30. Rcg1 g5 31. R3g2 Qxf3 32. a3 Rad8 33. b4 Rd1 34. bxc5 Rxg1+ 35. Kxg1 Rd1# 0-1